Integrated advertising, promotion, and marketing communications / (Record no. 343620)
[ view plain ]
| 000 -LEADER | |
|---|---|
| fixed length control field | 00946 a2200205 4500 |
| 020 ## - INTERNATIONAL STANDARD BOOK NUMBER | |
| International Standard Book Number | 0130175781 |
| 020 ## - INTERNATIONAL STANDARD BOOK NUMBER | |
| International Standard Book Number | 9780130175786 |
| 082 04 - DEWEY DECIMAL CLASSIFICATION NUMBER | |
| Classification number | 659.1 |
| 090 ## - LOCALLY ASSIGNED LC-TYPE CALL NUMBER (OCLC); LOCAL CALL NUMBER (RLIN) | |
| -- | 1089 |
| -- | 1089 |
| 100 1# - MAIN ENTRY--PERSONAL NAME | |
| Personal name | Clow, Kenneth E. |
| 245 10 - TITLE STATEMENT | |
| Title | Integrated advertising, promotion, and marketing communications / |
| Statement of responsibility, etc. | Kenneth E. Clow. |
| 260 ## - PUBLICATION, DISTRIBUTION, ETC. | |
| Place of publication, distribution, etc. | [S.l.] : |
| Name of publisher, distributor, etc. | Prentice Hall, |
| Date of publication, distribution, etc. | 2002. |
| 300 ## - PHYSICAL DESCRIPTION | |
| Extent | 638 p. ; |
| Dimensions | 29 cm. |
| 500 ## - GENERAL NOTE | |
| General note | Hardcover. |
| 520 ## - SUMMARY, ETC. | |
| Summary, etc. | Provides a strong foundation in the basic principles of advertising and promotion and gives readers an integrated learning experience. It incorporates Internet exercises and a Building an IMC Campaign project, with free Advertising Plan Pro software in every copy. |
| 700 1# - ADDED ENTRY--PERSONAL NAME | |
| Personal name | Baack, Donald E. |
| 856 40 - ELECTRONIC LOCATION AND ACCESS | |
| Materials specified | Amazon.com |
| Uniform Resource Identifier | <a href="http://www.amazon.com/exec/obidos/ASIN/0130175781/chopaconline-20">http://www.amazon.com/exec/obidos/ASIN/0130175781/chopaconline-20</a> |
| 856 40 - ELECTRONIC LOCATION AND ACCESS | |
| Materials specified | Amazon customer reviews |
| Uniform Resource Identifier | <a href="http://www.chopac.org/cgi-bin/tools/azrev.pl?q=0130175781">http://www.chopac.org/cgi-bin/tools/azrev.pl?q=0130175781</a> |
| 942 ## - ADDED ENTRY ELEMENTS (KOHA) | |
| Institution code [OBSOLETE] | NBS |
| Koha item type | Book |
| Call number prefix | 659.1 CLO |
| Withdrawn status | Lost status | Damaged status | Not for loan | Permanent Location | Current Location | Date acquired | Total Checkouts | Full call number | Barcode | Date last seen | Date last checked out | Price effective from | Koha item type |
|---|---|---|---|---|---|---|---|---|---|---|---|---|---|
| Central Library (CL) | Central Library (CL) | 08/28/2013 | 1 | 659.1 CLO | NBS4649 | 01/24/2022 | 01/15/2022 | 08/28/2013 | Book | ||||
| Central Library (CL) | Central Library (CL) | 08/28/2013 | 2 | 659.1 CLO | NBS5406 | 01/17/2022 | 01/07/2022 | 08/28/2013 | Book |
